Online
Catalog

Glosario de voces indigenas de Venezuela / : (Record no. 11479)

MARC details
000 -CABECERA
campo de control de longitud fija 01070nam a2200241u 4500
001 - NÚMERO DE CONTROL
campo de control 000011805
005 - FECHA Y HORA DE LA ÚLTIMA TRANSACCIÓN
campo de control 20200929162555.0
008 - DATOS DE LONGITUD FIJA--INFORMACIÓN GENERAL
campo de control de longitud fija 820909s1953 ve ch 000 0 spa d
040 ## - FUENTE DE LA CATALOGACIÓN
Centro catalogador/agencia de origen DO-SdBNP
Centro/agencia transcriptor CarP
Centro/agencia modificador DLC
-- BNPHU
043 ## - CÓDIGO DE ÁREA GEOGRÁFICA
Código de área geográfica s-ve---
082 ## - NÚMERO DE LA CLASIFICACIÓN DECIMAL DEWEY
Número de clasificación NNNN
Número de documento/Ítem A472g
245 00 - MENCIÓN DE TÍTULO
Título Glosario de voces indigenas de Venezuela / :
Resto del título director Santiago Key-Ayala ; secretario Oscar Sambrano Urdaneta.
260 ## - PUBLICACIÓN, DISTRIBUCIÓN, ETC.
Lugar de publicación, distribución, etc. Caracas :
Nombre del editor, distribuidor, etc. Ministerio de Educacion, Direccion de Cultura y Bellas Artes,
Fecha de publicación, distribución, etc. 1953.
300 ## - DESCRIPCIÓN FÍSICA
Extensión xxvii, 422 p. :
Otras características físicas ports., facsims. ;
Dimensiones 24 cm.
490 #1 - MENCIÓN DE SERIE
Mención de serie Obras Completas de Lisandro Alvarado
Designación de volumen o secuencia vol. 1
650 #0 - PUNTO DE ACCESO ADICIONAL DE MATERIA--TÉRMINO DE MATERIA
Término de materia o nombre geográfico como elemento de entrada Spanish language
Subdivisión general Provincialisms
Subdivisión geográfica Venezuela. [From Old Catalog]
9 (RLIN) 27951
650 #0 - PUNTO DE ACCESO ADICIONAL DE MATERIA--TÉRMINO DE MATERIA
Término de materia o nombre geográfico como elemento de entrada Spanish language
Subdivisión general Foreign words and phrases
-- Indian. [from old catalog]
9 (RLIN) 27952
700 1# - PUNTO DE ACCESO ADICIONAL--NOMBRE DE PERSONA
Nombre de persona Key-Ayala, Santiago,
9 (RLIN) 27953
700 1# - PUNTO DE ACCESO ADICIONAL--NOMBRE DE PERSONA
Nombre de persona Sambrano Urdaneta, Oscar,
9 (RLIN) 24202
700 1# - PUNTO DE ACCESO ADICIONAL--NOMBRE DE PERSONA
Nombre de persona Alvarado, Lisandro,
Fechas asociadas al nombre 1858-1929.
Título de la obra Voces geograficas. [from old catalog]
9 (RLIN) 27954
830 00 - PUNTO DE ACCESO ADICIONAL DE SERIE-TÍTULO UNIFORME
Título uniforme Obras Completas de Lisandro Alvarado
Designación de volumen o secuencia 1
9 (RLIN) 27955
910 ## - DATOS DE OPCIÓN DEL USUARIO (OCLC)
Datos de opción del usuario Catalogación derivada
Holdings
Estado de retiro Estado de pérdida Restricciones de uso No para préstamo Código de colección Localización permanente Ubicación/localización actual Ubicación en estantería Fecha de adquisición Número de inventario Total de préstamos Signatura topográfica completa Código de barras Fecha visto por última vez Precio válido a partir de Tipo de ítem Koha
    Préstamo interno   Monografías: Libros y Folletos General General En catalogación 27.10.2009 LF1   NNNN A472g 11805-10 25.06.2020 25.06.2020 Préstamo interno

Powered by Koha